000
00204 a2200109 4500
020
_a
761553917206
041
_a
spa
100
_a
Soto;Gary
245
_a
El viejo y su puerta
942
_c
BK
952
_7
1
999
_c
20181
_d
20181